Loading...

the widow's tears

Bibliographic Details
Main Author: Chapman, George
Other Authors: Ethel M. Smeak (Editor)
Format: Printed Book
Language:English
Published: London : edward arnold , c1967.
LEADER 00452nam a22001337a 4500
008 170419b xxu||||| |||| 00| 0 eng d
100 |a Chapman, George 
245 |a the widow's tears 
260 |a London :  |b edward arnold ,  |c c1967. 
300 |b 119p. 
700 |a Ethel M. Smeak  |e editor 
942 |c BK 
999 |c 198005  |d 198005 
952 |0 0  |1 0  |4 0  |6 822_000000000000000_CHA_W  |7 0  |9 218962  |a ENG  |b ENG  |c ST1  |d 2017-04-19  |i 1738  |l 0  |o 822 CHA/W  |p ENG1738  |r 2017-04-19  |w 2018-08-21  |y BK